[Event "Peter Stuart Memorial Open"]
[Site "Auckland NZL"]
[Date "2019.08.24"]
[Round "2"]
[White "Garbett, Paul A"]
[Black "Hague, Ben"]
[Result "1/2-1/2"]
[WhiteElo "2156"]
[BlackElo "2394"]
[PlyCount "149"]
[EventDate "2019.08.24"]

1. e4 c5 2. Nf3 Nc6 3. Bb5 d6 4. O-O Bd7 5. Re1 Nf6 6. c3 a6 7. Bf1 Bg4 8. h3
Bxf3 9. Qxf3 e6 10. d3 Be7 11. Nd2 O-O 12. Qd1 Nd7 13. g3 Rc8 14. f4 b5 15. a3
a5 16. Nf3 b4 17. axb4 axb4 18. d4 bxc3 19. bxc3 cxd4 20. cxd4 Nb4 21. Rb1 d5
22. e5 Na2 23. Bd2 Nc3 24. Bxc3 Rxc3 25. Rb3 Qc7 26. Bd3 g6 27. Rxc3 Qxc3 28.
Qc2 Qxc2 29. Bxc2 Rc8 30. Re2 Rc3 31. Kf2 Nb6 32. Bb1 Rb3 33. Ba2 Ra3 34. Bb1
Nc4 35. Ba2 Nb6 36. Bb1 h6 37. Re3 Ra1 38. Rb3 Nc4 39. Ke2 Na3 40. Nd2 Nxb1 41.
Rxb1 Ra4 42. Kd3 Bb4 43. Nb3 Ra3 44. g4 Kg7 45. Rb2 Be1 46. Rb1 Bg3 47. Ke3 Ra2
48. Nc1 Rh2 49. Kf3 Bh4 50. Rb3 Rh1 51. Nd3 Rxh3+ 52. Ke2 Be7 53. f5 exf5 54.
gxf5 gxf5 55. Rb7 Bg5 56. Nc5 Kg6 57. Rd7 f4 58. Rd6+ Kh5 59. Rxd5 f3+ 60. Kd3
Kg4 61. Rd7 f5 62. exf6 Bxf6 63. Ne4 Bh4 64. Rg7+ Kf5 65. Rf7+ Kg6 66. Rf4 Bg5
67. Nf2 Rg3 68. Rf8 h5 69. Ke4 Bf6 70. Kf4 Rg5 71. Rg8+ Kh6 72. Rxg5 Bxg5+ {(=)
} 73. Kxf3 Kg6 74. Nh3 Bh6 75. Nf4+ 1/2-1/2

[Event "Peter Stuart Memorial Open"]
[Site "Auckland NZL"]
[Date "2019.08.24"]
[Round "2"]
[White "Thornton, Giovanni A"]
[Black "Ang, Alphaeus Wei Ern"]
[Result "0-1"]
[WhiteElo "2053"]
[BlackElo "2183"]
[PlyCount "98"]
[EventDate "2019.08.24"]

1. c4 Nf6 2. g3 g6 3. Bg2 Bg7 4. Nc3 O-O 5. Nf3 d6 6. d4 Nc6 7. O-O a6 8. h3
Rb8 9. Re1 b5 10. cxb5 axb5 11. e4 b4 12. Nd5 Nd7 13. Be3 e6 14. Nf4 Ne7 15.
Rc1 Bb7 16. Nd2 e5 17. dxe5 Nxe5 18. Qc2 c5 19. Red1 Ba6 20. Nf1 Qb6 21. b3
Rfd8 22. Nd5 Nxd5 23. exd5 Bb5 24. f4 Nd7 25. Nd2 Re8 26. Bf2 Qa6 27. Bf1 Bxf1
28. Rxf1 Nb6 29. Nc4 Nxc4 30. bxc4 Bc3 31. Qb3 Ra8 32. f5 Qxa2 33. Rxc3 bxc3
34. Qxc3 Re5 35. fxg6 hxg6 36. Bxc5 Rf5 37. Bf2 Qe2 38. Qd4 Ra2 39. Qb6 Kh7 40.
Qd4 g5 41. c5 Rf3 42. Kg2 Rd2 43. Qxd2 Qxd2 44. Kxf3 Qd3+ 45. Kg2 Qxd5+ 46. Kg1
dxc5 47. Rc1 c4 48. h4 gxh4 49. gxh4 Qd3 0-1

[Event "Peter Stuart Memorial Open"]
[Site "Auckland NZL"]
[Date "2019.08.24"]
[Round "2"]
[White "Capel, Evan T"]
[Black "Gunn, Neil J"]
[Result "1-0"]
[WhiteElo "2172"]
[BlackElo "1969"]
[PlyCount "125"]
[EventDate "2019.08.24"]

1. d4 d5 2. c4 e6 3. Nf3 Nf6 4. Nc3 Be7 5. Bg5 O-O 6. cxd5 exd5 7. e3 c6 8. Be2
Nbd7 9. O-O Re8 10. Rb1 a5 11. a3 Nf8 12. Qc2 Ne4 13. Nxe4 dxe4 14. Bxe7 Qxe7
15. Nd2 Bf5 16. Rfc1 Ng6 17. Qc5 Qxc5 18. Rxc5 Ne7 19. Nc4 Red8 20. Rxa5 Rxa5
21. Nxa5 b6 22. Nc4 Nd5 23. Ne5 c5 24. Rd1 Be6 25. dxc5 bxc5 26. Bc4 f6 27. Nc6
Rd6 28. Bxd5 Kf8 29. Bb3 Rxc6 30. Bxe6 Rxe6 31. Rc1 Rb6 32. Rxc5 Rxb2 33. g4
Ra2 34. Ra5 Kf7 35. Kg2 g5 36. Kg3 Kg6 37. Ra6 Kf7 38. h3 Kg6 39. a4 Kf7 40. a5
h6 41. Kg2 Kg7 42. Ra8 Kf7 43. a6 Kg7 44. Kf1 Kf7 45. a7 Kg7 46. Ke1 Kh7 47.
Kd1 Kg7 48. Kc1 Kh7 49. Kb1 Ra3 50. Kb2 Ra4 51. Kb3 Ra1 52. Kc4 Kg7 53. Kd5 Ra4
54. Ke6 Ra5 55. Rd8 Rxa7 56. Rd7+ Rxd7 57. Kxd7 f5 58. Ke6 fxg4 59. hxg4 Kg6
60. Ke5 h5 61. gxh5+ Kxh5 62. Kxe4 Kg6 63. Ke5 1-0

[Event "Peter Stuart Memorial Open"]
[Site "Auckland NZL"]
[Date "2019.08.24"]
[Round "2"]
[White "Hart, Ralph"]
[Black "Xie, Felix"]
[Result "1-0"]
[WhiteElo "2159"]
[BlackElo "1705"]
[PlyCount "117"]
[EventDate "2019.08.24"]

1. e4 e6 2. d4 d5 3. Nc3 Bb4 4. exd5 exd5 5. a3 Bxc3+ 6. bxc3 Nf6 7. Bd3 O-O 8.
Ne2 b6 9. O-O Ba6 10. Bxa6 Nxa6 11. Bg5 Qd6 12. Qd3 Nb8 13. Bf4 Qd7 14. Rfe1
Nc6 15. Ng3 Rae8 16. f3 Re6 17. Kf2 Rfe8 18. Nf5 Rxe1 19. Rxe1 Rxe1 20. Kxe1
Ne7 21. Ne3 Ng6 22. Be5 Ne8 23. c4 dxc4 24. Nxc4 Nxe5 25. Nxe5 Qe6 26. Qe4 Nd6
27. Qa8+ Qe8 28. Qxa7 Nb5 29. Qa4 f6 30. c4 Nd6 31. Qxe8+ Nxe8 32. Ng4 Kf7 33.
Kd2 Ke6 34. Kc3 c6 35. Ne3 Nc7 36. Nd1 Kd7 37. Nb2 Kc8 38. Nd3 Kd7 39. Nf4 g6
40. Nd3 Kd6 41. Nf2 Ke6 42. Ne4 h6 43. Kd3 Na6 44. Nc3 Kd6 45. h4 f5 46. Ke3
Nc7 47. g3 Ne6 48. Na4 b5 49. cxb5 cxb5 50. Nc3 Nc7 51. g4 Ke6 52. Kf4 fxg4 53.
fxg4 Kd6 54. Ke4 Ke6 55. d5+ Kd6 56. Kd4 h5 57. gxh5 gxh5 58. Ne4+ Kd7 59. Kc5
1-0

[Event "Peter Stuart Memorial Open"]
[Site "Auckland NZL"]
[Date "2019.08.24"]
[Round "2"]
[White "Steadman, Michael V R"]
[Black "Punsalan, Vyanla M"]
[Result "1/2-1/2"]
[WhiteElo "2251"]
[BlackElo "1904"]
[PlyCount "72"]
[EventDate "2019.08.24"]

1. d4 f5 2. Nf3 Nf6 3. h3 g6 4. Bf4 Bg7 5. Nc3 d6 6. Qd2 Qd7 7. g4 Ne4 8. Qe3
Qc6 9. Bg2 Nxc3 10. bxc3 Rf8 11. O-O Qe4 12. gxf5 Qxe3 13. Bxe3 gxf5 14. Ng5 f4
15. Bd2 Bh6 16. h4 c6 17. Kh2 e5 18. dxe5 dxe5 19. Ne4 Nd7 20. c4 Nf6 21. Nxf6+
Rxf6 22. Bc3 f3 23. Bxf3 Bf4+ 24. Kh1 Rh6 25. h5 e4 26. Bxe4 Rxh5+ 27. Kg2 Bh3+
28. Kf3 Bxf1 29. Rxf1 Bd6 30. e3 Ke7 31. Ke2 Rf8 32. Rb1 Rb8 33. Rg1 Rf8 34.
Rb1 Ra8 35. Rg1 Rf8 36. Rb1 Rb8 1/2-1/2

[Event "Peter Stuart Memorial Open"]
[Site "Auckland NZL"]
[Date "2019.08.24"]
[Round "2"]
[White "Nagorski, Alex"]
[Black "McLaren, Leonard J"]
[Result "0-1"]
[WhiteElo "1858"]
[BlackElo "2167"]
[PlyCount "90"]
[EventDate "2019.08.24"]

1. Nf3 Nf6 2. c4 e6 3. g3 b6 4. Bg2 Bb7 5. O-O c5 6. d4 cxd4 7. Qxd4 Nc6 8. Qf4
d5 9. Rd1 Bd6 10. Qg5 h6 11. Qh4 Qe7 12. Bg5 dxc4 13. Nc3 Na5 14. Nb5 Bc5 15.
Ne5 Bxg2 16. Rd7 Nxd7 17. Bxe7 Bxe7 18. Qf4 Nxe5 19. Nc7+ Kf8 20. Nxa8 Bxa8 21.
Qxe5 Nc6 22. Qc7 Kg8 23. Rd1 Bf6 24. b4 c3 25. e4 Kh7 26. f4 c2 27. Rc1 Nxb4
28. e5 Bd8 29. Qc3 Be7 30. Rxc2 Bc5+ 31. Rf2 Rd8 32. Kf1 Rd3 33. Qa1 Bxf2 34.
Kxf2 Rd2+ 35. Kg1 g6 36. Qc1 Rg2+ 37. Kf1 Rc2 38. Qa3 a5 39. Qa4 Bc6 40. Qb3
Rxa2 41. Qe3 Nd5 42. Qb3 Rxh2 43. Qa3 Kg7 44. Qd6 Ne3+ 45. Ke1 Bb5 0-1

[Event "Peter Stuart Memorial Open"]
[Site "Auckland NZL"]
[Date "2019.08.24"]
[Round "2"]
[White "Duneas, John"]
[Black "Metge, J Nigel"]
[Result "1/2-1/2"]
[WhiteElo "2151"]
[BlackElo "1911"]
[PlyCount "107"]
[EventDate "2019.08.24"]

1. d4 Nf6 2. c4 e6 3. Nf3 b6 4. Nc3 Bb4 5. Qb3 a5 6. a3 Bxc3+ 7. Qxc3 Ne4 8.
Qc2 Bb7 9. g3 f5 10. Bg2 Qc8 11. O-O O-O 12. Rd1 d6 13. Be3 Nd7 14. b4 Ndf6 15.
h3 Qe8 16. Ng5 h6 17. Nxe4 Bxe4 18. Bxe4 Nxe4 19. c5 Qg6 20. Kh2 e5 21. dxe5
dxe5 22. cxb6 cxb6 23. Qc7 axb4 24. axb4 Rxa1 25. Rxa1 f4 26. gxf4 exf4 27. Rg1
Qf7 28. Bxb6 f3 29. exf3 Qxc7+ 30. Bxc7 Rxf3 31. b5 Rxf2+ 32. Rg2 Rxg2+ 33.
Kxg2 Kf7 34. Kf3 Nc5 35. Bd6 Nb7 36. Bb4 g5 37. Ke4 Ke6 38. Kd4 h5 39. Bd2 g4
40. hxg4 hxg4 41. Bf4 Nd6 42. b6 Kd7 43. Kd5 Nb7 44. Bg3 Na5 45. Bf2 Nb7 46.
Be1 Nd8 47. Kc5 Nb7+ 48. Kb5 Nd6+ 49. Ka6 Kc6 50. Bg3 Nb7 51. Ka7 Nc5 52. Bf2
Nb7 53. Be1 Nd6 54. Ka6 1/2-1/2

[Event "Peter Stuart Memorial Open"]
[Site "Auckland NZL"]
[Date "2019.08.24"]
[Round "2"]
[White "Johns, Daniel P"]
[Black "Krstev, Antonio"]
[Result "1/2-1/2"]
[WhiteElo "1882"]
[BlackElo "1959"]
[PlyCount "44"]
[EventDate "2019.08.24"]

1. e4 e6 2. d4 d5 3. Nd2 c5 4. exd5 exd5 5. Ngf3 Nc6 6. Bb5 Bd6 7. O-O Nge7 8.
c3 O-O 9. dxc5 Bxc5 10. Nb3 Bb6 11. Re1 Bg4 12. h3 Bh5 13. Be2 Qd6 14. Nbd2
Rad8 15. Nf1 Rfe8 16. Be3 Bc7 17. Qc2 Bg6 18. Bd3 a6 19. Rad1 b5 20. Bxg6 hxg6
21. Bg5 Rc8 22. Qd2 Rcd8 1/2-1/2

[Event "Peter Stuart Memorial Open"]
[Site "Auckland NZL"]
[Date "2019.08.24"]
[Round "2"]
[White "Zhang, Jasmine Haomo"]
[Black "Wright, Caleb"]
[Result "1-0"]
[WhiteElo "1936"]
[BlackElo "1858"]
[PlyCount "75"]
[EventDate "2019.08.24"]

1. d4 d5 2. Bf4 Nf6 3. e3 c5 4. Nf3 e6 5. c3 Bd6 6. Bg3 O-O 7. Nbd2 b6 8. Bd3
Bb7 9. Ne5 Qe7 10. Bh4 Rd8 11. f4 Nbd7 12. O-O Rac8 13. Qf3 Rc7 14. Qh3 g6 15.
Nxd7 Rdxd7 16. Bg5 Qd8 17. f5 exf5 18. Bxf5 gxf5 19. Qxf5 Be7 20. Bxf6 Bxf6 21.
Qxf6 Qxf6 22. Rxf6 Kg7 23. Rf5 Re7 24. Kf2 Re6 25. Nf3 f6 26. g4 Rce7 27. Re1
Rd7 28. Nh4 Ba6 29. Rd1 c4 30. Ng2 Bb7 31. Nf4 Red6 32. Rg1 h6 33. h4 Rf7 34.
Rh5 Rf8 35. g5 hxg5 36. hxg5 f5 37. g6 Rh8 38. Rxf5 1-0

[Event "Peter Stuart Memorial Open"]
[Site "Auckland NZL"]
[Date "2019.08.24"]
[Round "2"]
[White "Mistry, Prashant"]
[Black "Vickers, Josia"]
[Result "0-1"]
[WhiteElo "1901"]
[BlackElo "1837"]
[PlyCount "106"]
[EventDate "2019.08.24"]

1. e4 c5 2. Nc3 Nc6 3. g3 g6 4. Bg2 Bg7 5. d3 e6 6. Be3 d6 7. Nge2 Nge7 8. Qd2
Nd4 9. Nc1 Bd7 10. Nd1 O-O 11. c3 Ndc6 12. h4 b6 13. h5 Re8 14. Bh6 Bh8 15. Ne3
d5 16. Ne2 d4 17. Nc4 Qc7 18. hxg6 fxg6 19. Qg5 b5 20. Nd2 Qe5 21. Qh4 Qf6 22.
Bg5 Qf7 23. f4 e5 24. O-O Qe6 25. Nf3 Qg4 26. cxd4 Qxh4 27. Bxh4 Nxd4 28. Nexd4
exd4 29. Ne5 Bxe5 30. fxe5 h6 31. e6 Bxe6 32. Rf6 Bg4 33. e5 Rac8 34. Rf4 Bf5
35. Bxe7 Rxe7 36. b4 Rxe5 37. bxc5 Rexc5 38. Rxd4 Rc1+ 39. Rxc1 Rxc1+ 40. Kh2
Rd1 41. Rd8+ Kf7 42. d4 Rd2 43. Kg1 Ke7 44. Rb8 a6 45. a4 bxa4 46. d5 a3 47.
Rb7+ Bd7 48. Rb1 Bf5 49. Rb7+ Kd6 50. Rb6+ Ke5 51. Rxa6 a2 52. Kh2 Be4 53. Re6+
Kxd5 0-1

[Event "Peter Stuart Memorial Open"]
[Site "Auckland NZL"]
[Date "2019.08.24"]
[Round "2"]
[White "Hair, Philip I"]
[Black "Lim, Benjamin U"]
[Result "0-1"]
[WhiteElo "1853"]
[BlackElo "1882"]
[PlyCount "136"]
[EventDate "2019.08.24"]

1. e4 c5 2. Nc3 d6 3. g3 Nc6 4. Bg2 g6 5. d3 Bg7 6. Be3 e6 7. Qd2 Nd4 8. Nd1
Ne7 9. c3 Ndc6 10. Bh6 O-O 11. h4 f6 12. h5 g5 13. Bxg7 Kxg7 14. h6+ Kh8 15.
Ne2 Rg8 16. Ne3 e5 17. f4 gxf4 18. gxf4 Qa5 19. Nc4 Qc7 20. Ne3 Bg4 21. Nxg4
Rxg4 22. Bf3 Rgg8 23. d4 cxd4 24. cxd4 Qa5 25. Qxa5 Nxa5 26. dxe5 dxe5 27. fxe5
fxe5 28. O-O-O Rac8+ 29. Nc3 Rcd8 30. Bg4 Rxd1+ 31. Bxd1 Rg6 32. Rh5 Nac6 33.
Bb3 Ng8 34. Bxg8 Kxg8 35. Nd5 Kf7 36. b4 Ke6 37. b5 Nd4 38. a4 Ne2+ 39. Kb2 Ng3
40. Rh4 Nxe4 41. Nc7+ Kd7 42. Rxe4 Kxc7 43. Rxe5 Rxh6 44. a5 Kd6 45. Rg5 Re6
46. Rg7 Re7 47. Rg8 Kc5 48. Rg5+ Kd6 49. Rh5 Ke6 50. Rh6+ Kf5 51. a6 bxa6 52.
bxa6 Kg5 53. Rc6 h5 54. Rc5+ Kg4 55. Rc4+ Kg3 56. Rc3+ Kf2 57. Rc4 Re6 58. Rc5
Rh6 59. Rc2+ Ke3 60. Rc3+ Kd4 61. Rh3 h4 62. Kb1 Ke4 63. Kb2 Kf4 64. Rc3 h3 65.
Rc4+ Ke5 66. Rc5+ Kd4 67. Rc8 h2 68. Rd8+ Kc5 0-1